• 首页
  • 本馆介绍
  • 公告通知
  • 最新文献
  • 馆藏检索
  • 电子资源
  • 读者导购
  • 参考咨询
  • 我的图书馆
  • 登录
  • 详细信息显示
  • 放入我的书架
  • 预约/预借图书
  • 作者相关作品
  • 分类相关作品
  • 丛书相关作品
  • 出版社相关作品

书目信息

  • 表格格式
  • 工作单格式
  • 卡片格式
题名:
自得其乐!小资最爱冷饮
    
 
作者: 永濑正人
分册:  
出版信息: 北京   光明日报出版社  2014.07
页数: 78页
开本: 26cm
丛书名:
单 册:
中图分类: TS27
科图分类:
主题词: 饮料--食品工业 , 冷冻食品--食品工业
电子资源:
ISBN: 978-7-5112-6614-9
000 00653nam0 2200217 450
001 3473
005 20160927090630.92
010    @a978-7-5112-6614-9@b平装@dCNY36.00
100    @a20151001d2014 km y0chiy0120 ea
101 0  @achi
102    @aCN@b110000
200 1  @a自得其乐!小资最爱冷饮@Azi de qi yue!xiao zi zui ai leng yin@f(日)永濑正人@F(ri)yong lai zheng ren
210    @a北京@c光明日报出版社@d2014.07
215    @a78页@d26cm
330    @a饮料·制作
606 0  @a饮料@x食品工业
606 0  @a冷冻食品@x食品工业
690    @aTS27@v4
701  0 @a永濑正人@Ayong lai zheng ren
801  0 @aCN@b唐山师范学院图书馆@c20151001
905    @aZUCC@dTS27@e221
    
    自得其乐!小资最爱冷饮/(日)永濑正人.-北京:光明日报出版社,2014.07
    78页;26cm
    
    
    ISBN 978-7-5112-6614-9(平装):CNY36.00
    饮料·制作
●
相关链接 在E读中查询图书 在五车中查询图书 在当当中查询图书 在豆瓣中查询图书


正题名:自得其乐!小资最爱冷饮     索取号:TS27/221         预约/预借

序号 登录号 条形码 馆藏地/架位号 状态 备注
1 904077   209040777   第二样本阅览室/ [索取号:TS27/221] 在馆    
2 904078   209040786   第三借阅区/ [索取号:TS27/221] 在馆    
3 904079   209040795   第三借阅区/ [索取号:TS27/221] 在馆    
4 904080   209040802   第三借阅区/ [索取号:TS27/221] 在馆    
5 904081   209040811   第三借阅区/ [索取号:TS27/221] 在馆    
唐山师范学院图书馆 欢迎您!
大连网信软件有限公司© 版权所有